书目信息 |
| 题名: |
人物周昌新
|
|
| 作者: | 马润生总监制 | |
| 分册: | ||
| 出版信息: | 中国国际电视总公司 |
|
| 页数: | ||
| 开本: | ||
| 丛书名: | ||
| 单 册: | ||
| 中图分类: | K825.72 | |
| 科图分类: | ||
| 主题词: | 人物--传记--中国 | |
| 电子资源: | ||
| ISBN: | 7-7998-2744-0 | |
| 000 | 00529nam0 2200181 450 | |
| 001 | 1755785614 | |
| 005 | 20171221160407.37 | |
| 010 | @a7-7998-2744-0@dCNY33.00 | |
| 100 | @a20171220d km y0chiy0120 ea | |
| 101 | 0 | @achi |
| 200 | 1 | @a人物周昌新@Aren wu zhou chang xin@f马润生总监制@Fma run sheng zong jian zhi |
| 210 | @c中国国际电视总公司 | |
| 300 | @a光盘 | |
| 606 | 0 | @a人物@x传记@x中国 |
| 690 | @aK825.72@v4 | |
| 701 | 0 | @a马润生总监制@Ama run sheng zong jian zhi |
| 801 | 0 | @aCN@bMUSE@c20171221 |
| 905 | @aMUSE@dK825.72@eM1471 | |
| 人物周昌新/马润生总监制.-中国国际电视总公司 |
| 光盘 |
| ISBN 7-7998-2744-0:CNY33.00 |
| ● |
| 相关链接 |
|
|
|
正题名:人物周昌新
索取号:K825.72/M1471
 
预约/预借
| 序号 | 登录号 | 条形码 | 馆藏地/架位号 | 状态 | 备注 |
| 1 | 1237460 | 212374606 | 建筑与城市规划学院资料室/ [索取号:K825.72/M1471] | 在馆 |